Score 0/78 Timer 20:00
0 Plays Today
Hint Answer % Correct
Archie Andrews/Teen Fred Andrews???
96.4%
Betty Cooper/Teen Alice Smith???
90.9%
Jughead Jones/Teen FP Jones???
89.1%
Veronica Lodge/Teen Hermione Gomez???
87.3%
Kevin Keller/Teen Tom Keller???
74.5%
Cheryl Blossom/Teen Penelope Blossom???
69.1%
Fred Andrews ???
69.1%
FP Jones???
63.6%
Toni Topaz???
60%
Hermione Lodge???
56.4%
Reggie Mantle(2nd)/Teen Marty Mantle???
54.5%
Josie McCoy/Teen Sierra Samuels???
50.9%
Hiram Lodge???
49.1%
Reggie Mantle(1st) ???
49.1%
Tom Keller???
40%
Alice Cooper???
38.2%
Pop Tate???
36.4%
Sweet Pea???
36.4%
Sierra McCoy???
36.4%
Chic???
36.4%
Fangs Fogarty???
34.5%
Mary Andrews???
34.5%
Edgar Evernever???
34.5%
Hal Cooper???
32.7%
Jason Blossom/Teen Cliff Blossom???
30.9%
Joaquin DeSantos???
30.9%
Jellybean Jones???
30.9%
Moose Mason???
29.1%
Ethel Muggs???
29.1%
Penelope Blossom???
27.3%
Polly Cooper???
25.5%
Gladys Jones???
25.5%
Valerie Brown???
23.6%
Cliff Blossom/Claudius Blossoms???
21.8%
Penny Peabody???
21.8%
Melody Valentine???
20%
Chuck Clayton???
18.2%
Evelyn Evernever???
16.4%
Dilton Doiley???
14.5%
Hint Answer % Correct
Geraldine Grundy???
14.5%
Kurtz???
14.5%
Peaches 'N Cream???
12.7%
Mad Dog???
12.7%
Midge Klump???
10.9%
Principal Waldo Weatherbee???
7.3%
Michael Minetta???
7.3%
Ricky DeSantos???
7.3%
Rose Blossom???
5.5%
Robert Phillips???
5.5%
Malachai ???
5.5%
Nick St. Clair???
5.5%
Tall Boy???
3.6%
Elio???
3.6%
Sister Woodhouse???
1.8%
Smithers???
1.8%
Cassidy Bullock/Store Clerk???
1.8%
Dr. Curdle???
1.8%
Dr. Curdle Jr. ???
1.8%
Ben Button???
1.8%
Andre???
1.8%
Ginger Lopez???
1.8%
Tina Patel???
1.8%
Arthur Adams???
1.8%
Ms. Weiss???
1.8%
Coach Clayton???
1.8%
Warden Norton???
1.8%
Mrs. Klump???
1.8%
Joan Berkley???
1.8%
Mr. Svenson???
1.8%
Myles McCoy???
1.8%
Mustang???
1.8%
Doris Bell/Mrs. Phillips???
0%
Hog Eye???
0%
Leo???
0%
Nico???
0%
Baby Teeth???
0%
Vic???
0%
Hannah???
0%

You're not logged in!

Compare scores with friends on all Sporcle quizzes.
OR
Log In

Sporcle TV

Today on Sporcle TV


Watch our educational content, quiz creation guides, and fun videos on Sporcle TV.

Show Comments

Extras

Created Sep 12, 2019ReportNominate
Tags:Cast Quiz, Riverdale

Top Quizzes Today


Score Distribution

Paid Content

Your Account Isn't Verified!

In order to create a playlist on Sporcle, you need to verify the email address you used during registration. Go to your Sporcle Settings to finish the process.

Report this User

Report this user for behavior that violates our Community Guidelines.

Details: